00730cam a22002417a 4500003000500000005001700005008004100022010001000063011001000073020001500083035001100098040000900109082001600118100002100134245012800155260003400283300002000317650004600337650003800383650002900421700001700450700002100467CHAP20220329142917.0050210d2002 us a r 00110 eng d a89538 a90510 a1566705630 a101066 cCHAP04a630.215bA400aAhuja, Lajpat R.10aAgricultural system models :bin field research and technology transferc/by Lajpat R. Ahuja, Liwang Ma and Terry A. Howell aBoca Ratón :bLewis,c2002. a357 p. :bilus.14aAgriculturaxInnovaciones tecnológicas.14aAgriculturaxModelos matematicos.14aModelos de simulación.0 aMa, Terry A.00aHowell, Terry A.